000 01285cam a22002054a 4500
005 20250605164213.0
008 250528s ||||||||||||||||||||||||d
035 _a20333
020 _a131470892
040 _aGR-AtMCL
_bgre
_dGR-AtMCL
_eAACR2
245 1 _aStructural Analysis / Sixth Edition
250 _a6th
260 _bPearson - Prentice Hall,
_c2006
300 _a644
520 _aTypes of Structures and Loads, Analysis of Statically Determinate Structures, Analysis of Statically Determinate Trusses, Internal Loadings Developed in Structural Members, Cables and Arches, Inference Lines for Statically Determinate Structures, Approximate Analysis of Statically Inderterminate Structures, Deflections, Deflections Using Energy Methods, Analysis of Statically Indeterminate Structures by the Force Method, Dispacement Method of Analysis: Slope-Deflection Equations, Displacement Method of Analysis: Moment Distribution, Beams and Frames Having Nonprismatic Members, Truss Analysis Using the Stiffness Methods, Beam Analysis Using the Stiffness Method, Plane Frame Analysis Using the Stiffness Method, Matrix Algebra for Structural Analysis, Answers to Selected Problems, Index.
700 1 _aHibbeler R. C
_96341
942 _cBK
999 _c5455
_d5455